000
00283nam a22001217a 4500
082
_a
001
_b
SIE/G
100
_a
GOVT. OF INDIA
245
_a
SIET KERALA, GENERAL SUBJECTS
_b
LIGHT PART-1, II
260
_a
NEW DELHI
_b
GOVT. OF INDIA
300
_b
VDC
520
_a
REFERENCE
942
_c
BK
999
_c
7953
_d
7953